000
00293nam a22001337a 4500
020
_a
81-264-0083-8
082
_a
894.812.3
_b
NAR/M
100
_a
NARENDRANATH P
245
_a
MANASARIYUM YANTHRAM
250
_a
10
260
_a
KOTTAYAM
_b
DC BOOKS
_c
2007
650
_a
STORY
_z
KERALA
942
_c
BK
999
_c
1597
_d
1597